000 00325 a2200157 4500
001 174919
020 _a
040 _cMagnum
100 _aCarvalho, Mercedes Penna
240 1 0 _aA rifa da girafa-fifa
_lpor
245 1 0 _aA rifa da girafa-fifa
362 0 _a1899
440 1 _aRHJ
697 _aI/ANIMAIS
942 _cBK
999 _c174919
_d174919